=LDR 00000nam 2200000 4500 =001 INLIS000000000009621 =005 20130612101416 =008 ***********************************Ind** =035 ##$$0010-061300000009621 =041 ##$$a Ind =082 ##$$a 005.712 =090 ##$$a 005.712, Tos k =100 ##$$a Tosin, Rijanto =245 ##$$a Kursus Kilat 24 Jurs Windows ME, Rijanto Tosir =260 ##$$a 2000 $b Jakarta =300 ##$$a 179 hlm =650 ##$$a Windows ME (Program KOmputer) =850 ##$$a NBPNMAT =990 ##$$a 0001/BPAP-NTB/20142015